Arrêts TBM Ligne B - Mort subite - Statistiques

Statistiques générales
  • Ce quiz a été pris 85 fois
  • Le résultat moyen est 8 sur 13
Answers on the Grid
Answers color-coded by a green-red scale on the quiz's grid according to % correct below.
Talence centre - Forum
Arts & Métiers
Domaine universitaire
Grand théatre
Porte de Bourgogne
Carle Vernet
CAPE
Les Hangars
Barrière St-Genès
Doyen bruh
Cours du Médoc
Place Ravezies - Le Bouscat
Hôtel de ville
UNITEF
Place de la Bourse
Camponac médiathèque
Sainte-Nicole
Pessac centre
Victoire
Cracovie
François Bordes
Béthanie
Roustaing
Bassins à fleurs
 
Statistiques - réponses
Réponse % Correct
Arts & Métiers
95%
Talence centre - Forum
89%
Barrière St-Genès
82%
Grand théatre
79%
Hôtel de ville
68%
Les Hangars
66%
Victoire
63%
Pessac centre
58%
Béthanie
55%
Roustaing
50%
François Bordes
45%
Cours du Médoc
34%
Camponac médiathèque
32%
Aucun quiz correspondant
Distribution des résultats
% des personnes avec chaque résultat
Percentile par nombre de réponses
Votre historique - résultats
Vous n’avez pas pris ce quiz